00635nam a22001937a 4500999001900000005001700019010001500036020001100051035001400062037001300076082001000089100002000099245006500119260003900184270005300223300002100276942002400297952012000321 c190193d19019320220720123123.0 aENG-133718 c200.00 aEN-117250 bDBAD/PUB a152.7 aSaxena, Lakshmi aPerceptions of Human Creativity and Freedom/cLakshmi Saxena aGorakhpurbLokayat Prakashanc1999 aM.I.G. 137 Raptinagar Phase-IbGorakhpure273003 a168p.c21cm(hbk) 2ddccENh152.7mSAX 001040708NFICaBNbBNd2022-07-20eDBAD/PUBg200.00l0o152.7 SAXpEN-117250r2022-07-20 00:00:00t1v200.00yEN